[Event "20th EUR-ch"]
[Site "Skopje MKD"]
[Date "2019.03.21"]
[Round "4"]
[White "Smirnova, Ekaterina"]
[Black "Kalezic, Blazo"]
[Result "1/2-1/2"]
[WhiteElo "2178"]
[BlackElo "2460"]
[EventDate "2019.03.18"]
[Board "111"]
[PlyCount "58"]

1.d4 g6 2.c4 Bg7 3.e4 d6 4.Nc3 Nc6 5.Be3 Nf6 6.f3 O-O 7.Nge2 a6 8.Qd2 e5 
9.d5 Na5 10.Nc1 c5 11.Nb3 Bd7 12.Nxa5 Qxa5 13.Bd3 b5 14.O-O bxc4 15.Bxc4 
Rfb8 16.b3 Ne8 17.g4 Bb5 18.Bd3 Bxd3 19.Qxd3 Nc7 20.Rfb1 Qa3 21.Bc1 Qb4 
22.Be3 Qb7 23.a4 Rf8 24.Ra2 a5 25.Rg2 Na6 26.Nb5 Nb4 27.Qc4 Qd7 28.Kh1 Kh8
29.Rbg1 f6 1/2-1/2

[Event "20th EUR-ch"]
[Site "Skopje MKD"]
[Date "2019.03.21"]
[Round "4"]
[White "Volokytin, Andriy"]
[Black "Chittka, Julius"]
[Result "1/2-1/2"]
[WhiteElo "2635"]
[BlackElo "2288"]
[EventDate "2019.03.18"]
[Board "112"]
[PlyCount "47"]

1.e4 c5 2.Nf3 Nc6 3.Bb5 g6 4.Bxc6 bxc6 5.O-O Bg7 6.Re1 Nh6 7.c3 O-O 8.h3 
f6 9.d4 cxd4 10.cxd4 d5 11.Nc3 Nf7 12.b3 g5 13.Ba3 Re8 14.Rc1 g4 15.hxg4 
Bxg4 16.Qd3 e6 17.exd5 cxd5 18.Nb5 Qa5 19.Bb2 Rac8 20.a4 a6 21.Na7 Bf5 22.
Qe2 Rxc1 23.Rxc1 Qb6 24.Nh4 1/2-1/2

[Event "20th EUR-ch"]
[Site "Skopje MKD"]
[Date "2019.03.21"]
[Round "4"]
[White "Stocek, Jiri"]
[Black "Antova, Gabriela"]
[Result "1-0"]
[WhiteElo "2592"]
[BlackElo "2286"]
[EventDate "2019.03.18"]
[Board "113"]
[PlyCount "59"]

1.d4 d5 2.Nf3 Nf6 3.c4 c6 4.Nc3 dxc4 5.a4 Bf5 6.e3 e6 7.Bxc4 Bb4 8.O-O 
Nbd7 9.Nh4 Bg6 10.Nxg6 hxg6 11.h3 O-O 12.Qc2 e5 13.Qxg6 exd4 14.exd4 Nb6 
15.Qd3 Nxc4 16.Qxc4 Ba5 17.Bf4 Qd7 18.Be5 Bxc3 19.bxc3 Nd5 20.Qb3 a5 21.c4
Nb4 22.Bxg7 Kxg7 23.Qg3+ Kh6 24.Qh4+ Kg6 25.Ra3 f6 26.Rg3+ Kf7 27.Qh5+ Ke6
28.Re1+ Kd6 29.Qc5+ Kc7 30.Re7 1-0

[Event "20th EUR-ch"]
[Site "Skopje MKD"]
[Date "2019.03.21"]
[Round "4"]
[White "Unuk, Laura"]
[Black "Gazik, Viktor"]
[Result "1/2-1/2"]
[WhiteElo "2266"]
[BlackElo "2535"]
[EventDate "2019.03.18"]
[Board "114"]
[PlyCount "110"]

1.Nf3 e6 2.c4 Nf6 3.g3 c5 4.Bg2 a6 5.O-O b5 6.b3 Bb7 7.Bb2 Qb6 8.d3 Be7 9.
e4 O-O 10.Nbd2 Rd8 11.e5 Ne8 12.d4 d5 13.exd6 Nxd6 14.dxc5 Qxc5 15.Qe2 Nc6
16.Rac1 Rac8 17.Ne4 Nxe4 18.Qxe4 Qh5 19.cxb5 axb5 20.h4 Ba8 21.Qe3 Nb4 22.
Rxc8 Rxc8 23.Rc1 Rxc1+ 24.Qxc1 Bf8 25.Qc8 Be4 26.Ba3 Qc5 27.Qxc5 Bxc5 28.
Ne5 Bb1 29.Nc6 Nd3 30.Bxc5 Nxc5 31.Bf1 Bxa2 32.b4 Ne4 33.Bxb5 Kf8 34.Bd3 
Bd5 35.Nd4 Ke7 36.Kf1 g6 37.Ke2 Kd6 38.Ke3 Nf6 39.Nb5+ Kc6 40.Nd4+ Kc7 41.
Kf4 h6 42.Nb5+ Kd7 43.Nc3 Kd6 44.Nb5+ Kd7 45.Nc3 Bb7 46.Bc4 Kd8 47.Nb5 Ke7
48.Nc3 Kd6 49.Nb5+ Kd7 50.Nc3 Ke7 51.g4 Nd7 52.g5 h5 53.f3 Nb6 54.Bb3 Bc6 
55.Ke3 Nc8 1/2-1/2

[Event "20th EUR-ch"]
[Site "Skopje MKD"]
[Date "2019.03.21"]
[Round "4"]
[White "Maltsevskaya, Aleksandra"]
[Black "Kelires, Andreas"]
[Result "1/2-1/2"]
[WhiteElo "2252"]
[BlackElo "2529"]
[EventDate "2019.03.18"]
[Board "115"]
[PlyCount "80"]

1.e4 c5 2.Nf3 d6 3.d4 cxd4 4.Nxd4 Nf6 5.Nc3 a6 6.h3 e5 7.Nde2 h5 8.Bg5 Be6
9.g3 Nbd7 10.Bg2 Be7 11.a4 O-O 12.b3 Ne8 13.Be3 Nc7 14.a5 Nf6 15.f4 d5 16.
fxe5 Nxe4 17.O-O Rc8 18.Nxe4 dxe4 19.c4 Bb4 20.Nf4 Qxd1 21.Raxd1 Bxa5 22.
Bxe4 b5 23.Nxe6 Nxe6 24.Bb7 bxc4 25.Bxc8 Rxc8 26.bxc4 Rxc4 27.Ra1 Bc7 28.
Rxa6 Re4 29.Bf2 Rxe5 30.Rc1 Ba5 31.Ra7 Kh7 32.Rxf7 Ng5 33.Rb7 Nxh3+ 34.Kg2
Nxf2 35.Kxf2 Bd8 36.Rc6 Rf5+ 37.Kg2 Bf6 38.Rcb6 Bd4 39.Rb5 Rf2+ 40.Kh3 Kh6
1/2-1/2

[Event "20th EUR-ch"]
[Site "Skopje MKD"]
[Date "2019.03.21"]
[Round "4"]
[White "Macovei, Andrei"]
[Black "Sokolovsky, Yahli"]
[Result "1-0"]
[WhiteElo "2450"]
[BlackElo "2278"]
[EventDate "2019.03.18"]
[Board "116"]
[PlyCount "49"]

1.e4 c5 2.Nf3 d6 3.d4 cxd4 4.Nxd4 Nf6 5.Nc3 a6 6.f3 e5 7.Nb3 Be6 8.Be3 h5 
9.Nd5 Bxd5 10.exd5 Nbd7 11.Qd2 g6 12.O-O-O Nb6 13.Kb1 Nbxd5 14.Bg5 Be7 15.
Bd3 Kf8 16.c4 Nb6 17.Rhe1 Qc7 18.Rc1 Kg7 19.f4 Nbd7 20.f5 a5 21.fxg6 a4 
22.Nd4 Kg8 23.Nf5 Bf8 24.Bxf6 Nxf6 25.g7 1-0

[Event "20th EUR-ch"]
[Site "Skopje MKD"]
[Date "2019.03.21"]
[Round "4"]
[White "Emanuel, Yahav"]
[Black "Filip, Lucian-Ioan"]
[Result "1-0"]
[WhiteElo "2245"]
[BlackElo "2438"]
[EventDate "2019.03.18"]
[Board "117"]
[PlyCount "72"]

1.e4 c5 2.Nf3 e6 3.Nc3 a6 4.d4 cxd4 5.Nxd4 Qc7 6.g3 Bb4 7.Bd2 Nf6 8.Bg2 
Nc6 9.Nxc6 bxc6 10.O-O Be7 11.Na4 Bb7 12.Re1 d6 13.b4 O-O 14.c4 Nd7 15.Rb1
Rab8 16.Bf4 c5 17.b5 Rfd8 18.Nc3 Nb6 19.Qb3 Bf6 20.Rbd1 Bd4 21.Ne2 e5 22.
Bd2 axb5 23.Ba5 Bc6 24.cxb5 Bd7 25.Nxd4 exd4 26.Bf1 Be6 27.Bc4 Qe7 28.Bxb6
Rxb6 29.a4 Ra8 30.Ra1 Bxc4 31.Qxc4 Qe6 32.Qd3 Qe8 33.Rec1 h6 34.f4 Ra5 35.
e5 dxe5 36.Rxc5 exf4 1-0

[Event "20th EUR-ch"]
[Site "Skopje MKD"]
[Date "2019.03.21"]
[Round "4"]
[White "Zlatin, Alexander"]
[Black "Radovanovic, Nikola"]
[Result "1/2-1/2"]
[WhiteElo "2243"]
[BlackElo "2426"]
[EventDate "2019.03.18"]
[Board "118"]
[PlyCount "52"]

1.e4 d6 2.d4 Nf6 3.Nc3 e5 4.Nf3 Nbd7 5.Bc4 Be7 6.O-O O-O 7.h3 c6 8.a4 h6 
9.Re1 Re8 10.a5 Qc7 11.dxe5 dxe5 12.Nh4 Nf8 13.Qf3 Be6 14.Bxe6 fxe6 15.a6 
b5 16.Qe2 Kh7 17.Be3 N8d7 18.Nf3 Nc5 19.b4 Ncd7 20.Reb1 Nb6 21.Bxb6 Qxb6 
22.Rb3 Nd7 23.Nd1 Nb8 24.Nxe5 Bf6 25.Qh5 Bxe5 26.Qxe5 Nxa6 1/2-1/2

[Event "20th EUR-ch"]
[Site "Skopje MKD"]
[Date "2019.03.21"]
[Round "4"]
[White "Kacharava, Nikolozi"]
[Black "Ozenir, Ekin Baris"]
[Result "1-0"]
[WhiteElo "2424"]
[BlackElo "2265"]
[EventDate "2019.03.18"]
[Board "119"]
[PlyCount "55"]

1.e4 e6 2.d4 d5 3.Nd2 Be7 4.Bd3 c5 5.dxc5 Nf6 6.Ngf3 O-O 7.O-O a5 8.e5 
Nfd7 9.c4 Nxc5 10.Bc2 b6 11.Nd4 Bb7 12.Qg4 Nbd7 13.N2f3 f5 14.exf6 Nxf6 
15.Qh3 dxc4 16.Ng5 g6 17.Ndxe6 Nxe6 18.Qxe6+ Kh8 19.Rd1 Bd5 20.Qh3 Bc5 21.
Bf4 Qe7 22.Bxg6 Qg7 23.Bxh7 Bxf2+ 24.Kh1 Rae8 25.Bf5+ Kg8 26.Rxd5 Nxd5 27.
Bh7+ Kh8 28.Be4+ 1-0

[Event "20th EUR-ch"]
[Site "Skopje MKD"]
[Date "2019.03.21"]
[Round "4"]
[White "Piesik, Piotr"]
[Black "Doncevic, Dario"]
[Result "1-0"]
[WhiteElo "2420"]
[BlackElo "2249"]
[EventDate "2019.03.18"]
[Board "120"]
[PlyCount "89"]

1.c4 e5 2.g3 f5 3.Bg2 Nf6 4.Nc3 Bb4 5.Nf3 Nc6 6.O-O Bxc3 7.bxc3 d6 8.Rb1 
O-O 9.d3 Kh8 10.Ne1 Qe8 11.f4 e4 12.Nc2 b6 13.Ne3 Bd7 14.Nd5 Rc8 15.Qc2 
Qh5 16.Nxf6 Rxf6 17.dxe4 Rh6 18.h3 Na5 19.c5 Bc6 20.cxd6 cxd6 21.Rb4 Re8 
22.Be3 Rhe6 23.g4 fxg4 24.f5 Re5 25.Bf4 gxh3 26.Bf3 Qh4 27.Bxe5 dxe5 28.
Qd2 Nb7 29.Qe1 Qf4 30.Qc1 Qg3+ 31.Kh1 h2 32.Qe1 Qf4 33.Qf2 Nc5 34.Qxh2 g5 
35.Qh5 Rg8 36.Bg2 Qe3 37.Qf3 Qd2 38.Qg3 Qd6 39.f6 Ne6 40.f7 Rf8 41.Rf6 
Qd1+ 42.Kh2 Nf4 43.Qxg5 Nxe2 44.Rb1 Qxb1 45.Rf1 1-0

[Event "20th EUR-ch"]
[Site "Skopje MKD"]
[Date "2019.03.21"]
[Round "4"]
[White "Megalios, Konstantinos"]
[Black "Dinev, Dejan"]
[Result "1/2-1/2"]
[WhiteElo "2416"]
[BlackElo "2239"]
[EventDate "2019.03.18"]
[Board "121"]
[PlyCount "47"]

1.d4 Nf6 2.c4 e6 3.g3 Nc6 4.Bg2 Bb4+ 5.Bd2 Qe7 6.e3 e5 7.d5 Bxd2+ 8.Qxd2 
Nb8 9.Nc3 d6 10.Nge2 O-O 11.h3 Ne8 12.O-O Nd7 13.f4 g6 14.g4 f5 15.g5 Ng7 
16.Ng3 a5 17.h4 Nc5 18.Bf3 Bd7 19.Kg2 Rfb8 20.Rae1 b5 21.e4 bxc4 22.Be2 
exf4 23.Rxf4 Qe5 24.Ref1 1/2-1/2

[Event "20th EUR-ch"]
[Site "Skopje MKD"]
[Date "2019.03.21"]
[Round "4"]
[White "Di Benedetto, Desiree"]
[Black "Tica, Sven"]
[Result "1/2-1/2"]
[WhiteElo "2236"]
[BlackElo "2416"]
[EventDate "2019.03.18"]
[Board "122"]
[PlyCount "65"]

1.Nf3 d5 2.c4 e6 3.g3 Nf6 4.Bg2 Be7 5.O-O O-O 6.d4 c6 7.Qc2 b6 8.Nbd2 Bb7 
9.e4 Na6 10.a3 c5 11.exd5 exd5 12.dxc5 Nxc5 13.b4 Ne6 14.Bb2 Rc8 15.Ne5 
Qc7 16.Rac1 Rfd8 17.Qf5 dxc4 18.Rxc4 Qb8 19.Nxf7 Kxf7 20.Re1 Nf8 21.Rg4 
Qc7 22.Ne4 Bxe4 23.Bxe4 Qd7 24.Bd5+ Qxd5 25.Rxg7+ Kxg7 26.Rxe7+ Kg8 27.
Qxf6 Qd1+ 28.Kg2 Qd5+ 29.Kh3 Qh5+ 30.Kg2 Qd5+ 31.Kh3 Qh5+ 32.Kg2 Qd5+ 33.
Kh3 1/2-1/2

[Event "20th EUR-ch"]
[Site "Skopje MKD"]
[Date "2019.03.21"]
[Round "4"]
[White "Sahin, Ozgun"]
[Black "Erdogdu, Mert"]
[Result "0-1"]
[WhiteElo "2221"]
[BlackElo "2413"]
[EventDate "2019.03.18"]
[Board "123"]
[PlyCount "52"]

1.e4 d5 2.exd5 Qxd5 3.Nc3 Qd6 4.d4 Nf6 5.Nf3 c6 6.Ne5 Nbd7 7.f4 Nb6 8.g4 
g6 9.Bg2 Be6 10.O-O Rd8 11.g5 Nh5 12.Be3 Ng7 13.Ne4 Qc7 14.Nc5 Bc8 15.f5 
Nxf5 16.Bf4 Rxd4 17.Ned3 Rxf4 18.Rxf4 Bg7 19.Qf3 h6 20.gxh6 Rxh6 21.c4 
Bd4+ 22.Kf1 Nxc4 23.Nb3 Nce3+ 24.Ke2 Rxh2 25.Rg1 Bb6 26.a4 Nd5 0-1

[Event "20th EUR-ch"]
[Site "Skopje MKD"]
[Date "2019.03.21"]
[Round "4"]
[White "Fernandes, Antonio"]
[Black "Heinemann, Josefine"]
[Result "1-0"]
[WhiteElo "2405"]
[BlackElo "2238"]
[EventDate "2019.03.18"]
[Board "124"]
[PlyCount "81"]

1.e4 e5 2.Nf3 Nc6 3.d4 exd4 4.Nxd4 Nf6 5.Nc3 Bb4 6.Nxc6 bxc6 7.Bd3 O-O 8.
O-O d5 9.exd5 cxd5 10.Bg5 c6 11.Qf3 h6 12.Bxf6 Qxf6 13.Qxf6 gxf6 14.Ne2 
Bd6 15.Ng3 Rb8 16.Rab1 Re8 17.Nh5 Be7 18.Rfe1 Kf8 19.h3 Bd8 20.Rxe8+ Kxe8 
21.Re1+ Be6 22.b3 Rb4 23.Bf5 Kd7 24.Ng7 Bxf5 25.Nxf5 h5 26.g3 a5 27.h4 a4 
28.Kf1 Rb7 29.Ng7 axb3 30.axb3 Ra7 31.Nxh5 Ra2 32.Re2 f5 33.Kg2 d4 34.Kf3 
Kc8 35.Rd2 c5 36.Re2 Rb2 37.Nf4 Rb1 38.Nd3 Bb6 39.Kf4 Kd7 40.Kxf5 Kd6 41.
Re1 1-0

[Event "20th EUR-ch"]
[Site "Skopje MKD"]
[Date "2019.03.21"]
[Round "4"]
[White "Uzumcu, Ahmet Utku"]
[Black "Duzhakov, Ilya"]
[Result "1/2-1/2"]
[WhiteElo "2211"]
[BlackElo "2405"]
[EventDate "2019.03.18"]
[Board "125"]
[PlyCount "79"]

1.e4 e6 2.d4 d5 3.Nd2 c5 4.exd5 Qxd5 5.Ngf3 cxd4 6.Bc4 Qd7 7.O-O Nc6 8.Nb3
a6 9.Nbxd4 Nxd4 10.Nxd4 Qc7 11.Bb3 Bd6 12.Qh5 Nf6 13.Qh4 Bd7 14.Bg5 O-O-O 
15.Rad1 h6 16.Bxf6 gxf6 17.Rd3 Kb8 18.Rc3 Qa5 19.Qxf6 Be5 20.Qh4 Rhg8 21.
Rd3 Bc7 22.Rfd1 h5 23.Nf3 Bc6 24.Rxd8+ Bxd8 25.Qf4+ Qc7 26.Qxc7+ Bxc7 27.
Ne1 Rg5 28.Bc4 b5 29.Be2 e5 30.g3 e4 31.Ng2 Rc5 32.c3 a5 33.a3 Bb6 34.Ne3 
Kc7 35.Rd2 Rg5 36.c4 h4 37.Nd5+ Bxd5 38.Rxd5 Rxd5 39.cxd5 hxg3 40.hxg3 
1/2-1/2

[Event "20th EUR-ch"]
[Site "Skopje MKD"]
[Date "2019.03.21"]
[Round "4"]
[White "Atakisi, Umut"]
[Black "Sukovic, Andrej"]
[Result "1-0"]
[WhiteElo "2403"]
[BlackElo "2235"]
[EventDate "2019.03.18"]
[Board "126"]
[PlyCount "69"]

1.d4 Nf6 2.c4 g6 3.Nc3 Bg7 4.e4 d6 5.Nf3 O-O 6.Be2 e5 7.Be3 exd4 8.Nxd4 
Re8 9.f3 c6 10.Bf2 d5 11.exd5 cxd5 12.O-O Nc6 13.c5 Bf8 14.Kh1 Bd7 15.a3 
Nh5 16.Qd2 Nxd4 17.Bxd4 Bc6 18.Rad1 Ng7 19.b4 Nf5 20.Bf2 d4 21.Ne4 Ba4 22.
Rb1 Bh6 23.Qa2 Bc6 24.Bc4 Rxe4 25.fxe4 Bxe4 26.Rbe1 Be3 27.Bxe3 dxe3 28.
Bxf7+ Kg7 29.Be6 Qg5 30.Bxf5 gxf5 31.Rd1 Rg8 32.Kg1 Kh6 33.g3 Qg4 34.Rd6+ 
Kh5 35.Qf7+ 1-0

[Event "20th EUR-ch"]
[Site "Skopje MKD"]
[Date "2019.03.21"]
[Round "4"]
[White "Eric, Jovana"]
[Black "Drnovsek, Gal"]
[Result "0-1"]
[WhiteElo "2205"]
[BlackElo "2402"]
[EventDate "2019.03.18"]
[Board "127"]
[PlyCount "122"]

1.e4 c5 2.Nc3 d6 3.f4 Nc6 4.Nf3 g6 5.Bb5 Bd7 6.Bc4 Bg7 7.d3 Na5 8.Bd2 Nxc4
9.dxc4 e6 10.Qe2 Ne7 11.O-O-O Qb6 12.h4 O-O-O 13.h5 Nc6 14.h6 Nd4 15.Qf2 
Bf6 16.e5 Nxf3 17.exf6 Nxd2 18.Rxd2 Bc6 19.Rhd1 Qc7 20.g4 Rhg8 21.Qe3 b6 
22.f5 exf5 23.gxf5 g5 24.Nd5 Bxd5 25.Rxd5 Qc6 26.b3 Kc7 27.Qg3 Rd7 28.a4 
a6 29.Kb2 Rdd8 30.R1d3 Rd7 31.Qh2 Rdd8 32.Qh5 Rd7 33.Rxd6 Qxd6 34.Rxd6 
Kxd6 35.Qh2+ Kc6 36.Qg2+ Kc7 37.Qg3+ Kb7 38.Qg4 a5 39.c3 Rd2+ 40.Kc1 Rd6 
41.Kc2 Kc7 42.b4 axb4 43.cxb4 cxb4 44.Kb3 Rxf6 45.Qe4 Rd6 46.Qe5 f6 47.
Qe7+ Rd7 48.Qxf6 g4 49.Qe5+ Kb7 50.Qe6 Rgd8 51.a5 bxa5 52.c5 Rc7 53.Ka4 g3
54.Qe4+ Kb8 55.f6 Rf8 56.Qf3 g2 57.Qxg2 Rxf6 58.Qg8+ Ka7 59.Kxa5 Rb7 60.
Qc4 Rc6 61.Ka4 b3 0-1

[Event "20th EUR-ch"]
[Site "Skopje MKD"]
[Date "2019.03.21"]
[Round "4"]
[White "Semjonovs, Ilja"]
[Black "Milikow, Elie"]
[Result "1-0"]
[WhiteElo "2401"]
[BlackElo "2226"]
[EventDate "2019.03.18"]
[Board "128"]
[PlyCount "64"]

1.Nf3 Nf6 2.b3 g6 3.Bb2 Bg7 4.g3 O-O 5.Bg2 d5 6.c4 dxc4 7.bxc4 c5 8.O-O 
Nc6 9.d3 Ne8 10.Bxg7 Nxg7 11.Nc3 e6 12.Qd2 Qe7 13.Rab1 Rb8 14.Qf4 f6 15.
Ne1 e5 16.Qd2 Be6 17.Nc2 Nf5 18.Ne3 Nxe3 19.Qxe3 Nd4 20.f4 exf4 21.Rxf4 f5
22.Qe5 Rfe8 23.e3 Nc2 24.Nd5 Qg7 25.Qb2 Qxb2 26.Rxb2 Ne1 27.Nf6+ Kf7 28.
Nxe8 Nxd3 29.Rxb7+ Rxb7 30.Nd6+ Ke7 31.Nxb7 Nxf4 32.exf4 Bxc4 1-0

[Event "20th EUR-ch"]
[Site "Skopje MKD"]
[Date "2019.03.21"]
[Round "4"]
[White "Schnabel, Ralf"]
[Black "Osmak, Iulija"]
[Result "0-1"]
[WhiteElo "2205"]
[BlackElo "2399"]
[EventDate "2019.03.18"]
[Board "129"]
[PlyCount "70"]

1.e4 c5 2.Nf3 e6 3.d4 cxd4 4.Nxd4 Nc6 5.Nc3 Qc7 6.g3 a6 7.Bg2 Nf6 8.O-O 
Be7 9.Be3 O-O 10.Qe2 d6 11.Nxc6 bxc6 12.Na4 Rb8 13.c4 c5 14.Rad1 Bb7 15.
Nc3 Nd7 16.f4 Rbd8 17.Bf2 Bf6 18.Rfe1 Bxc3 19.bxc3 a5 20.g4 Nb6 21.g5 g6 
22.h4 Ba6 23.h5 Bxc4 24.Qg4 Bxa2 25.Rd3 Rfe8 26.Rh3 Nd7 27.Bf3 Rb8 28.hxg6
fxg6 29.Kg2 Rb1 30.Qh4 Nf8 31.c4 Reb8 32.f5 e5 33.Be2 Rxe1 34.Bxe1 Rb2 35.
Kf1 Qf7 0-1

[Event "20th EUR-ch"]
[Site "Skopje MKD"]
[Date "2019.03.21"]
[Round "4"]
[White "Berzinsh, Roland"]
[Black "Tadic, Stefan"]
[Result "0-1"]
[WhiteElo "2397"]
[BlackElo "2223"]
[EventDate "2019.03.18"]
[Board "130"]
[PlyCount "84"]

1.d4 Nf6 2.Nf3 d5 3.g3 c5 4.Bg2 Nc6 5.O-O e6 6.c4 Be7 7.cxd5 exd5 8.Nc3 
O-O 9.dxc5 d4 10.Na4 Bf5 11.Bf4 Be4 12.Qd2 b5 13.cxb6 axb6 14.b3 b5 15.Nb2
Bb4 16.Qc1 Qd5 17.Rd1 Rfc8 18.Bh3 Nd7 19.Nc4 f5 20.Ne3 Qf7 21.Ng5 Qh5 22.
Bxf5 Bxf5 23.Nxf5 h6 24.Nxg7 Kxg7 25.Ne6+ Kf7 26.Nc7 Bc3 27.Nxa8 Bxa1 28.
Nc7 Bc3 29.Qc2 Nf6 30.f3 Ne5 31.g4 Nexg4 32.fxg4 Qxg4+ 33.Bg3 Rxc7 34.Rf1 
Kg7 35.Kh1 Re7 36.Be5 Rxe5 37.Rg1 Qxg1+ 38.Kxg1 b4 39.Qd3 Nd5 40.Qb5 Rg5+ 
41.Kf2 Rf5+ 42.Kg1 Ne3 0-1

[Event "20th EUR-ch"]
[Site "Skopje MKD"]
[Date "2019.03.21"]
[Round "4"]
[White "Tomerlin, Sinisa"]
[Black "Kamer, Kayra"]
[Result "1/2-1/2"]
[WhiteElo "2192"]
[BlackElo "2397"]
[EventDate "2019.03.18"]
[Board "131"]
[PlyCount "81"]

1.e4 c5 2.Nf3 e6 3.d3 Nc6 4.Nbd2 d5 5.g3 Bd6 6.Bg2 Nge7 7.O-O O-O 8.Re1 f6
9.b3 b5 10.a4 bxa4 11.Rxa4 Bd7 12.Ra1 a5 13.Ba3 Qc7 14.exd5 exd5 15.c4 Bg4
16.cxd5 Nxd5 17.Qc2 Kh8 18.Qc4 Bxf3 19.Bxf3 Nb6 20.Qh4 Rad8 21.Rac1 Ne5 
22.d4 Nd3 23.Be4 g5 24.Qh6 Nxc1 25.dxc5 Qg7 26.Qxg7+ Kxg7 27.Rxc1 Be7 28.
cxb6 Bxa3 29.Rc7+ Rf7 30.Nc4 Bb4 31.Bf5 Rb8 32.Be6 Re7 33.Rc8 Rxb6 34.Rg8+
Kh6 35.Ne3 Rbxe6 36.Nf5+ Kh5 37.h3 Re4 38.g4+ Rxg4+ 39.hxg4+ Kxg4 40.Nxe7 
Bxe7 41.Rg7 1/2-1/2

[Event "20th EUR-ch"]
[Site "Skopje MKD"]
[Date "2019.03.21"]
[Round "4"]
[White "Ozen, Deniz"]
[Black "Van Dael, Siem"]
[Result "1-0"]
[WhiteElo "2393"]
[BlackElo "2207"]
[EventDate "2019.03.18"]
[Board "132"]
[PlyCount "49"]

1.e4 e5 2.Nf3 Nc6 3.Bb5 a6 4.Ba4 Nf6 5.d3 b5 6.Bb3 Bc5 7.O-O d6 8.c3 O-O 
9.Be3 Bxe3 10.fxe3 Bb7 11.Nbd2 Ne7 12.Qe2 Ng6 13.h3 d5 14.exd5 Nxd5 15.Ne4
Qe7 16.Nfg5 Nf6 17.Rxf6 gxf6 18.Qh5 fxg5 19.Nxg5 Kg7 20.Qxh7+ Kf6 21.Rf1+ 
Kxg5 22.g4 Nf4 23.exf4+ exf4 24.Qh5+ Kf6 25.Qh4+ 1-0

[Event "20th EUR-ch"]
[Site "Skopje MKD"]
[Date "2019.03.21"]
[Round "4"]
[White "Badelka, Olga"]
[Black "Gunduz, Umut Erdem"]
[Result "1-0"]
[WhiteElo "2384"]
[BlackElo "2205"]
[EventDate "2019.03.18"]
[Board "133"]
[PlyCount "61"]

1.d4 Nf6 2.c4 c5 3.d5 e6 4.Nc3 exd5 5.cxd5 d6 6.e4 g6 7.f4 Bg7 8.Bb5+ Nfd7
9.a4 O-O 10.Nf3 Na6 11.O-O Nc7 12.Bd3 a6 13.Re1 Re8 14.Be3 Rb8 15.Bf2 b5 
16.axb5 axb5 17.Bh4 Bf6 18.Bg3 c4 19.Bf1 Nc5 20.e5 Bg7 21.exd6 Qxd6 22.f5 
Qb6 23.Bxc7 Rxe1 24.Bxb6 Rxd1 25.Nxd1 Rxb6 26.Ra8 Na4 27.Rxc8+ Bf8 28.Ne5 
Rd6 29.Nc3 Nxc3 30.bxc3 Rxd5 31.Ng4 1-0

[Event "20th EUR-ch"]
[Site "Skopje MKD"]
[Date "2019.03.21"]
[Round "4"]
[White "Jandric, Damjan"]
[Black "Kaasen, Tor Fredrik"]
[Result "1/2-1/2"]
[WhiteElo "2171"]
[BlackElo "2383"]
[EventDate "2019.03.18"]
[Board "134"]
[PlyCount "57"]

1.e4 c5 2.Nf3 d6 3.c3 Nf6 4.h3 Nc6 5.Bd3 d5 6.e5 Nd7 7.Bb5 Qb6 8.Bxc6 Qxc6
9.O-O e6 10.d4 b6 11.Bf4 a5 12.Re1 Ba6 13.Na3 h6 14.Nc2 Be7 15.Ne3 g5 16.
Bg3 h5 17.Rc1 c4 18.Nd2 b5 19.Rf1 O-O-O 20.f4 f5 21.exf6 Bxf6 22.Nf3 gxf4 
23.Bxf4 Rhg8 24.Qd2 Bb7 25.Rce1 Rg6 26.Re2 Rdg8 27.Rff2 Qb6 28.Nf1 Bd8 29.
Ne3 1/2-1/2

[Event "20th EUR-ch"]
[Site "Skopje MKD"]
[Date "2019.03.21"]
[Round "4"]
[White "Lewtak, Damian"]
[Black "Milikow, Yoav"]
[Result "1-0"]
[WhiteElo "2379"]
[BlackElo "2200"]
[EventDate "2019.03.18"]
[Board "135"]
[PlyCount "79"]

1.e4 e6 2.d3 d5 3.Be2 c5 4.Nf3 Nc6 5.O-O g6 6.c3 Bg7 7.Bg5 Nge7 8.Qc1 O-O 
9.Re1 f6 10.Be3 d4 11.cxd4 cxd4 12.Bd2 e5 13.b4 Be6 14.b5 Na5 15.Qa3 b6 
16.Bxa5 bxa5 17.Nbd2 a6 18.bxa6 Rxa6 19.Bd1 Nc6 20.Bb3 Qd7 21.Rec1 Rb8 22.
Rab1 Nb4 23.Bc4 Bxc4 24.Nxc4 Bf8 25.Qb3 a4 26.Qd1 a3 27.Rb3 Qa7 28.Rcb1 
Ra4 29.Qd2 Qc5 30.h4 h5 31.Nxa3 Rba8 32.Nc4 R8a6 33.Ne1 Nxa2 34.Rb8 Nc3 
35.Qh6 Ra7 36.R1b6 Ne2+ 37.Kh2 Qe7 38.Qxg6+ Qg7 39.Rxf8+ Kxf8 40.Rb8+ 1-0

[Event "20th EUR-ch"]
[Site "Skopje MKD"]
[Date "2019.03.21"]
[Round "4"]
[White "Hesse, Henrik"]
[Black "Ayats Llobera, Gerard"]
[Result "0-1"]
[WhiteElo "2165"]
[BlackElo "2377"]
[EventDate "2019.03.18"]
[Board "136"]
[PlyCount "78"]

1.c4 e6 2.g3 d5 3.Bg2 d4 4.Nf3 c5 5.e3 Nc6 6.exd4 cxd4 7.d3 Bd6 8.O-O Nge7
9.Ng5 Ng6 10.Qh5 h6 11.Ne4 Bc7 12.f4 Nce7 13.g4 f5 14.Nc5 Rb8 15.gxf5 exf5
16.Bd5 Rf8 17.Re1 Rf6 18.Bd2 Kf8 19.Ne6+ Bxe6 20.Rxe6 Nxd5 21.cxd5 Nxf4 
22.Bxf4 Bxf4 23.Na3 Be3+ 24.Kf1 Qxd5 25.Rxf6+ gxf6 26.Nc4 Re8 27.Re1 Qh1+ 
28.Ke2 Qg2+ 29.Kd1 Qg4+ 30.Qxg4 fxg4 31.Nxe3 Rxe3 32.Rxe3 dxe3 33.Ke2 Kf7 
34.Kxe3 f5 35.Kf4 Kf6 36.d4 h5 37.d5 h4 38.b3 Ke7 39.Kxf5 g3 0-1

[Event "20th EUR-ch"]
[Site "Skopje MKD"]
[Date "2019.03.21"]
[Round "4"]
[White "Shubin, Kirill"]
[Black "Martinkus, Rolandas"]
[Result "1-0"]
[WhiteElo "2370"]
[BlackElo "2185"]
[EventDate "2019.03.18"]
[Board "137"]
[PlyCount "57"]

1.e4 e5 2.Nf3 Nc6 3.Bb5 Nd4 4.Nxd4 exd4 5.O-O Bc5 6.d3 c6 7.Ba4 Ne7 8.f4 
f5 9.Bb3 d6 10.Nd2 Kd7 11.Nf3 Kc7 12.Ng5 Qe8 13.e5 d5 14.Bd2 h6 15.Nf3 Ng6
16.Qe1 Nf8 17.Kh1 Ne6 18.c3 g5 19.cxd4 Be7 20.Bb4 Nxf4 21.g3 Ng6 22.Bd6+ 
Kd7 23.Qb4 f4 24.Rac1 g4 25.Nd2 fxg3 26.Rxc6 bxc6 27.Ne4 Qf8 28.Rxf8 Rxf8 
29.Bxe7 1-0

[Event "20th EUR-ch"]
[Site "Skopje MKD"]
[Date "2019.03.21"]
[Round "4"]
[White "Lahav, Michal"]
[Black "Serarols Mabras, Bernat"]
[Result "1/2-1/2"]
[WhiteElo "2158"]
[BlackElo "2363"]
[EventDate "2019.03.18"]
[Board "138"]
[PlyCount "118"]

1.e4 c6 2.d4 d5 3.Nc3 dxe4 4.Nxe4 Nd7 5.Nf3 Ngf6 6.Ng3 e6 7.Bd3 Bd6 8.O-O 
Qc7 9.Re1 O-O 10.Qe2 c5 11.Ne4 cxd4 12.Bg5 Bb4 13.c3 Be7 14.cxd4 Qd8 15.
Rad1 Nd5 16.Bb1 Bxg5 17.Nexg5 N7f6 18.Qd3 h6 19.Nh7 Re8 20.Nxf6+ Nxf6 21.
Ne5 Bd7 22.Re3 Bc6 23.Nxc6 bxc6 24.Rg3 Qd5 25.Qe3 Kf8 26.Qa3+ Kg8 27.Qe3 
Kf8 28.Qa3+ Re7 29.Rxg7 c5 30.Rg3 cxd4 31.Qf3 Qxf3 32.Rxf3 Nd5 33.Rxd4 Rc8
34.Rd1 Rec7 35.Kf1 Kg7 36.Ke2 Rb8 37.Rd2 Rc1 38.Be4 Nf6 39.Rg3+ Kf8 40.Re3
Nxe4 41.Rxe4 Rb7 42.Red4 Kg7 43.Rd7 Rcc7 44.Rxc7 Rxc7 45.b4 Kf6 46.a4 Ke5 
47.b5 Rc4 48.a5 Rb4 49.Rd7 Rxb5 50.Rxa7 f5 51.g3 Ke4 52.f3+ Ke5 53.f4+ Ke4
54.Re7 Rb2+ 55.Kd1 Rxh2 56.Rxe6+ Kf3 57.Rg6 h5 58.a6 h4 59.gxh4 Rxh4 
1/2-1/2

[Event "20th EUR-ch"]
[Site "Skopje MKD"]
[Date "2019.03.21"]
[Round "4"]
[White "Baenziger, Fabian"]
[Black "Isik, Alparslan"]
[Result "1-0"]
[WhiteElo "2351"]
[BlackElo "2180"]
[EventDate "2019.03.18"]
[Board "139"]
[PlyCount "75"]

1.Nf3 Nf6 2.c4 g6 3.Nc3 Bg7 4.e4 d6 5.d4 O-O 6.Be2 e5 7.O-O Nc6 8.Be3 exd4
9.Nxd4 Re8 10.f3 Nh5 11.Nc2 f5 12.Qd2 Be6 13.Rad1 Ne5 14.b3 f4 15.Bf2 Nc6 
16.Nd5 Be5 17.b4 a5 18.b5 Ne7 19.b6 Nxd5 20.cxd5 Bd7 21.bxc7 Qxc7 22.Na3 
Ng3 23.hxg3 fxg3 24.Be3 Qd8 25.Bg5 Bf6 26.Bf4 Be5 27.Bg5 Bf6 28.Bf4 Be5 
29.Bg5 Bf6 30.Bh6 Bg7 31.Bxg7 Kxg7 32.Qd4+ Re5 33.Nc4 Qh4 34.Rfe1 Bh3 35.
Nxe5 dxe5 36.Qxe5+ Kf8 37.gxh3 Qxh3 38.Qf6+ 1-0

[Event "20th EUR-ch"]
[Site "Skopje MKD"]
[Date "2019.03.21"]
[Round "4"]
[White "Miloi, Pavel-Dan"]
[Black "Dimic, Pavle"]
[Result "0-1"]
[WhiteElo "2119"]
[BlackElo "2351"]
[EventDate "2019.03.18"]
[Board "140"]
[PlyCount "64"]

1.e4 c5 2.Nf3 Nc6 3.d4 cxd4 4.Nxd4 Nf6 5.Nc3 d6 6.Bc4 e6 7.Bb3 Be7 8.Be3 
Bd7 9.O-O a6 10.f4 Qc7 11.Qf3 O-O 12.Rad1 Na5 13.g4 Nxb3 14.cxb3 g6 15.g5 
Nh5 16.f5 d5 17.f6 Bd6 18.Rf2 Bc6 19.exd5 exd5 20.Nce2 Rfe8 21.Rg2 Re4 22.
Ng3 Nxg3 23.hxg3 Rae8 24.Rd3 Qa5 25.b4 Qxb4 26.Nc2 Qxb2 27.Bd4 Qxa2 28.Ne3
Qb1+ 29.Nf1 Rxd4 30.Rxd4 Bc5 31.Rd2 Re4 32.Qf2 Qb6 0-1

[Event "20th EUR-ch"]
[Site "Skopje MKD"]
[Date "2019.03.21"]
[Round "4"]
[White "Krstulovic, Alex"]
[Black "Veleski, Robert"]
[Result "1-0"]
[WhiteElo "2351"]
[BlackElo "2177"]
[EventDate "2019.03.18"]
[Board "141"]
[PlyCount "57"]

1.d4 g6 2.c4 Bg7 3.e4 d6 4.Nc3 e5 5.dxe5 dxe5 6.Qxd8+ Kxd8 7.f4 Be6 8.Nf3 
Nd7 9.Be2 Ne7 10.O-O h6 11.Be3 exf4 12.Bxf4 Nc6 13.Nb5 Nde5 14.Rad1+ Kc8 
15.Nfd4 Nxd4 16.Nxd4 b6 17.c5 a5 18.Nxe6 fxe6 19.cxb6 Kb7 20.bxc7 Kxc7 21.
Rc1+ Kb6 22.Rfd1 Rhd8 23.Be3+ Kb7 24.Rc5 Rxd1+ 25.Bxd1 Nd3 26.Rb5+ Kc7 27.
Be2 Rd8 28.Bb6+ Kc6 29.Bxd8 1-0